Normal view
MARC view
- الادب العربي-المرأة-الدراسات الادبية-العصر الحديث
Entry Topical Term
001 - CONTROL NUMBER
- control field: 62930
003 - CONTROL NUMBER IDENTIFIER
- control field: JO-AjAnu
005 - DATE AND TIME OF LATEST TRANSACTION
- control field: 20230606084256.0
008 - FIXED-LENGTH DATA ELEMENTS
- fixed length control field: 230606|| aca||aabn | a|a d
040 ## - CATALOGING SOURCE
- Original cataloging agency: JO-AjAnu
- Transcribing agency: JO-AjAnu
150 ## - HEADING--TOPICAL TERM
- Topical term or geographic name entry element: الادب العربي-المرأة-الدراسات الادبية-العصر الحديث
670 ## - SOURCE DATA FOUND
- Source citation: Work cat.: (JO-AjAnu)32087: كاظم، عدي علي، م. مشارك جيهان محمد الشندويلي, author 62929, صورة المرأة التمردة في الادب العربي